Southville International School and Colleges
Your cart is empty.
  • Cart
  • Lists
    Public lists Eva Luna New books Lux_list list_1
    Your lists Log in to create your own lists
  • Log in to your account
  • Your cookies
  • Search history
Southville International School and Colleges
  • Advanced search
  • Recent comments
  • Most popular
  • Libraries

Log in to your account

Log in with GOOGLE


If you do not have an external account, but do have a local account, you can still log in:

  1. Home
  2. MARC view: Database concepts /
Normal view MARC view ISBD view

Database concepts / (Record no. 25488)

[ view plain ]
MARC details
000 -LEADER
fixed length control field 00590nam a2200217 a 4500
005 - DATE AND TIME OF LATEST TRANSACTION
control field 20140310183624.0
008 - FIXED-LENGTH DATA ELEMENTS--GENERAL INFORMATION
fixed length control field 120910s19uu xx 00 eng d
020 ## - INTERNATIONAL STANDARD BOOK NUMBER
International Standard Book Number 9780132088473
050 ## - LIBRARY OF CONGRESS CALL NUMBER
Classification number QA 76.9.D3
Item number .K736 2011
100 ## - MAIN ENTRY--PERSONAL NAME
Personal name Kroenke, David
245 ## - TITLE STATEMENT
Title Database concepts /
Statement of responsibility, etc David M. Kroenke.
250 ## - EDITION STATEMENT
Edition statement 5th ed.
260 ## - PUBLICATION, DISTRIBUTION, ETC. (IMPRINT)
Place of publication, distribution, etc Boston, MA :
Name of publisher, distributor, etc Prentice Hall,
Date of publication, distribution, etc 2011.
300 ## - PHYSICAL DESCRIPTION
Extent 480 p. :
Other physical details col. ill. ;
Dimensions 28 cm.
521 ## - TARGET AUDIENCE NOTE
Target audience note
650 ## - SUBJECT ADDED ENTRY--TOPICAL TERM
Topical term or geographic name as entry element Database management
650 ## - SUBJECT ADDED ENTRY--TOPICAL TERM
Topical term or geographic name as entry element Relational databases
700 ## - ADDED ENTRY--PERSONAL NAME
Personal name Auer, David J.
942 ## - ADDED ENTRY ELEMENTS (KOHA)
Koha item type Books
Source of classification or shelving scheme Library of Congress Classification
Call number prefix Foreign
Holdings
Withdrawn status Lost status Source of classification or shelving scheme Damaged status Home library Current library Shelving location Date acquired Source of acquisition Total Checkouts Total Renewals Full call number Barcode Date last seen Date checked out Copy number Price effective from Koha item type
    Library of Congress Classification   College Library College Library Graduate Section 09/10/2012 Donation 3 16 QA 76.9.D3 .K736 2011 C15580 05/15/2018 07/11/2016 1 03/10/2014 Books

Database concepts /

APA

Kroenke D., Auer D. J., . (2011). Database concepts. Boston, MA: Prentice Hall.

Chicago

Kroenke David, Auer David J, . 2011. Database concepts. Boston, MA: Prentice Hall.

Harvard

Kroenke D., Auer D. J., . (2011). Database concepts. Boston, MA: Prentice Hall.

MLA

Kroenke David, Auer David J, . Database concepts. Boston, MA: Prentice Hall. 2011.

  • Place hold
  • Print
  • Cite
  • Add to your cart (remove)
  • Save record
    BIBTEX Dublin Core MARCXML MARC (non-Unicode/MARC-8) MARC (Unicode/UTF-8) MARC (Unicode/UTF-8, Standard) MODS (XML) RIS
  • More searches
    Search for this title in:
    Other Libraries (WorldCat) Other Databases (Google Scholar) Online Stores (Bookfinder.com) Open Library (openlibrary.org)

Exporting to Dublin Core...

SOUTHVILLE LIBRARY

Southville International School and Colleges Library

1281 Tropical Ave. Cor. Luxembourg St., BF Homes International, Las Pinas City

Tel. No. 8256374 / 252358 Loc. 117/146

Powered by Koha